|
|
|
|
| LEADER |
00773nab a2200217 i 4500 |
| 001 |
acta49775 |
| 005 |
20251009132724.0 |
| 008 |
171204s2015 hu o 000 hun d |
| 020 |
|
|
|a 1785-7821
|
| 040 |
|
|
|a SZTE Egyetemi Kiadványok Repozitórium
|b hun
|
| 041 |
|
|
|a hun
|
| 100 |
1 |
|
|a Alexandrescu Vlad
|
| 245 |
1 |
0 |
|a Gondolatok értelmezése Dionüsziosz Areopagitész nyomán
|h [elektronikus dokumentum] /
|c Alexandrescu Vlad
|
| 260 |
|
|
|c 2015
|
| 300 |
|
|
|a 65-76
|
| 490 |
0 |
|
|a Különbség
|v 15 No. 1
|
| 650 |
|
4 |
|a Bölcsészettudományok
|
| 650 |
|
4 |
|a Filozófia, etika és vallástudományok
|
| 695 |
|
|
|a Blaise Pascal, Filozófia - francia - 1643-1662
|
| 700 |
0 |
1 |
|a Varga Judit
|
| 856 |
4 |
0 |
|u http://acta.bibl.u-szeged.hu/49775/1/kulonbseg_2015_001_065-076.pdf
|z Dokumentum-elérés
|